[Event "Titled Tuesday intern op 30th Aug Late"]
[Site "Chess.com INT"]
[Date "2022.08.30"]
[Round "7"]
[White "Yurovskich, Oleksandr"]
[Black "Da Silva Junior, Sediney Mari"]
[Result "1-0"]
[WhiteElo "2328"]
[BlackElo "2010"]
[PlyCount "81"]
[EventDate "2022.08.30"]
[EventType "swiss (blitz)"]
[EventRounds "11"]
[EventCountry "USA"]
[SourceTitle "EXT 2023"]
[Source "ChessBase"]
[SourceDate "2022.10.05"]
[SourceVersion "1"]
[SourceVersionDate "2022.10.05"]
[SourceQuality "1"]

1. d4 f5 2. Nc3 Nf6 3. Bg5 d6 4. Bxf6 exf6 5. e3 c6 6. Bd3 d5 7. Nge2 g6 8. h4 Be6 9. Nf4 Bf7 10. h5 g5 11. Nfe2 Qd7 12. Qd2 Na6 13. a3 Nc7 14. 0-0-0 0-0-0 15. Ng3 Be6 16. f4 Bh6 17. Rdf1 Rhf8 18. Rf2 g4 19. Na4 b6 20. Kd1 c5 21. Nc3 c4 22. Be2 Rde8 23. Kc1 Re7 24. Re1 Rfe8 25. Bf1 Bf7 26. Kb1 Ne6 27. Rfe2 Nc7 28. b3 cxb3 29. cxb3 Be6 30. Kb2 Kb7 31. Qd3 Rc8 32. Rc2 Bf8 33. Rec1 Qd6 34. Nb5 Nxb5 35. Qxb5 Qxa3+ 36. Kxa3 Rxc2 37. Rxc2 Bd7 38. Qa6+ Kb8 39. Kb2 Rxe3 40. Bb5 Bc8 41. Rxc8# 1-0

[Event "Sao Paulo Hebraica op 28th"]
[Site "Sao Paulo"]
[Date "2022.01.14"]
[Round "1"]
[White "Ferreira, Fernando Goncalves"]
[Black "Da Silva Junior, Sediney Mari"]
[Result "0-1"]
[WhiteElo "1340"]
[BlackElo "2011"]
[PlyCount "94"]
[EventDate "2022.01.14"]
[EventType "swiss"]
[EventRounds "6"]
[EventCountry "BRA"]
[SourceTitle "CBM 206 Extra"]
[Source "ChessBase"]
[SourceDate "2022.03.31"]
[SourceVersion "1"]
[SourceVersionDate "2022.03.31"]
[SourceQuality "1"]

1. d4 Nf6 2. Bf4 e6 3. e3 c5 4. Nf3 Nc6 5. c3 d5 6. Bd3 Be7 7. Nbd2 0-0 8. Ne5 Nxe5 9. dxe5 Nd7 10. Qh5 g6 11. Qh6 Re8 12. h4 Bf8 13. Qg5 Qxg5 14. hxg5 Bg7 15. Nf3 b6 16. Bb5 a6 17. Be2 Bb7 18. 0-0-0 Rac8 19. Rh3 d4 20. exd4 Bxf3 21. Bxf3 cxd4 22. Rxd4 Nxe5 23. Bxe5 Bxe5 24. Rdh4 b5 25. Bb7 Rc5 26. Rxh7 b4 27. R7h4 bxc3 28. bxc3 Bxc3 29. Kd1 Rd8+ 30. Ke2 Rd2+ 31. Kf3 Rxa2 32. Rh1 Rxg5 33. Rc4 Ra3 34. Rc8+ Kg7 35. Ra8 a5 36. g3 Rf5+ 37. Kg2 Ra2 38. Rf1 Bd4 39. Bf3 a4 40. Rd8 e5 41. Rb8 Rf6 42. Rbb1 a3 43. Rbd1 Rb2 44. Ra1 a2 45. Bd5 Rbxf2+ 46. Rxf2 Rxf2+ 47. Kh3 Bxa1 0-1

[Event "Titled Tuesday intern op 04th Jan"]
[Site "Chess.com INT"]
[Date "2022.01.04"]
[Round "8"]
[White "Da Silva Junior, Sediney Mari"]
[Black "Stefanov, Plamen"]
[Result "1-0"]
[WhiteElo "2011"]
[BlackElo "2077"]
[PlyCount "77"]
[EventDate "2022.01.04"]
[EventType "swiss (blitz)"]
[EventRounds "11"]
[EventCountry "USA"]
[SourceTitle "EXT 2023"]
[Source "ChessBase"]
[SourceDate "2022.10.05"]
[SourceVersion "1"]
[SourceVersionDate "2022.10.05"]
[SourceQuality "1"]

1. e4 d5 2. exd5 Nf6 3. Bb5+ Bd7 4. Bc4 Bg4 5. f3 Bc8 6. Ne2 Nbd7 7. 0-0 Nb6 8. d3 Nfxd5 9. Bb3 c6 10. c4 Nf6 11. a4 e6 12. d4 Be7 13. Bf4 0-0 14. Qd3 c5 15. a5 cxd4 16. axb6 Qxb6 17. Be5 Rd8 18. Nd2 Nd7 19. Bc2 g6 20. Bxd4 Nc5 21. Qe3 e5 22. Bxe5 Rxd2 23. Qxd2 Ne4+ 24. Bd4 Nxd2 25. Bxb6 Nxf1 26. Kxf1 a6 27. Be4 Kf8 28. c5 Ke8 29. b4 f5 30. Bd5 Rb8 31. Bc7 Ra8 32. b5 Kd7 33. Bb6 Bf6 34. Rd1 axb5 35. Bxb7+ Ke7 36. Bxa8 Be6 37. Bd5 Bc3 38. Bxe6 b4 39. c6 1-0

[Event "Titled Tuesday intern op 04th Jan"]
[Site "Chess.com INT"]
[Date "2022.01.04"]
[Round "9"]
[White "Tsukerman, Julia"]
[Black "Da Silva Junior, Sediney Mari"]
[Result "0-1"]
[WhiteElo "1523"]
[BlackElo "2011"]
[PlyCount "38"]
[EventDate "2022.01.04"]
[EventType "swiss (blitz)"]
[EventRounds "11"]
[EventCountry "USA"]
[SourceTitle "EXT 2023"]
[Source "ChessBase"]
[SourceDate "2022.10.05"]
[SourceVersion "1"]
[SourceVersionDate "2022.10.05"]
[SourceQuality "1"]

1. e4 e6 2. d4 d5 3. Nc3 Bb4 4. e5 c5 5. f4 cxd4 6. Qxd4 Nc6 7. Bb5 Qa5 8. Bxc6+ bxc6 9. Bd2 c5 10. Qd3 Ba6 11. Qf3 Ne7 12. a3 0-0 13. Nge2 d4 14. Ne4 Bxd2+ 15. Nxd2 Rab8 16. b3 Nd5 17. Rd1 Ne3 18. Rc1 Bb7 19. a4 Bxf3 0-1

[Event "Titled Tuesday intern op 14th Dec"]
[Site "Chess.com INT"]
[Date "2021.12.14"]
[Round "9"]
[White "Stefanov, Plamen"]
[Black "Da Silva Junior, Sediney Mari"]
[Result "1-0"]
[WhiteElo "2077"]
[BlackElo "2011"]
[PlyCount "51"]
[EventDate "2021.12.14"]
[EventType "swiss (blitz)"]
[EventRounds "11"]
[EventCountry "USA"]
[SourceTitle "EXT 2023"]
[Source "ChessBase"]
[SourceDate "2022.10.05"]
[SourceVersion "1"]
[SourceVersionDate "2022.10.05"]
[SourceQuality "1"]

1. e4 e6 2. d4 d5 3. Nc3 Bb4 4. e5 c5 5. a3 Bxc3+ 6. bxc3 Qc7 7. Ne2 Ne7 8. g3 Nbc6 9. Bg2 h5 10. 0-0 h4 11. h3 hxg3 12. fxg3 cxd4 13. cxd4 Nf5 14. c3 Bd7 15. Qd3 0-0-0 16. Bf4 Na5 17. g4 Nh4 18. Bh1 Nc4 19. a4 Kb8 20. Rfb1 f6 21. exf6 Nd6 22. fxg7 Rhg8 23. Qg3 Bc6 24. Qxh4 Rxg7 25. Qg3 Rdg8 26. Bxd6 1-0

[Event "Titled Tuesday intern op 02nd Nov"]
[Site "Chess.com INT"]
[Date "2021.11.02"]
[Round "6"]
[White "Da Silva Junior, Sediney Mari"]
[Black "Chernomordik, Pavel"]
[Result "1-0"]
[WhiteElo "2011"]
[BlackElo "2182"]
[PlyCount "175"]
[EventDate "2021.11.02"]
[EventType "swiss (blitz)"]
[EventRounds "11"]
[EventCountry "USA"]
[SourceTitle "CBM 205 Extra"]
[Source "ChessBase"]
[SourceDate "2022.01.31"]
[SourceVersion "1"]
[SourceVersionDate "2022.01.31"]
[SourceQuality "1"]

1. e4 g6 2. d4 Bg7 3. Nf3 d6 4. Nc3 a6 5. Bc4 e6 6. 0-0 b5 7. Bd3 Bb7 8. e5 Nd7 9. Bg5 Ne7 10. exd6 cxd6 11. a4 b4 12. Ne4 Qc7 13. Bf4 e5 14. dxe5 dxe5 15. Bd2 Nd5 16. c4 bxc3 17. bxc3 0-0 18. Rb1 Bc6 19. c4 Nf4 20. Bb4 Rfd8 21. Bd6 Qa7 22. Be7 Re8 23. Ba3 Rad8 24. Qc2 Nxd3 25. Qxd3 Nc5 26. Qe3 Bxe4 27. Bxc5 Qa8 28. Rb6 Rd3 29. Qe2 Rc3 30. Ne1 Bf5 31. Bb4 Rb3 32. c5 a5 33. Bd2 Rxb6 34. cxb6 Qc6 35. Bxa5 Qxa4 36. Bd2 e4 37. Be3 Qd7 38. Nc2 Bg4 39. Qd2 Qxd2 40. Bxd2 Be2 41. Re1 Ba6 42. Nb4 Bb7 43. Rc1 Rd8 44. Be3 f5 45. g3 Be5 46. Bf4 Bxf4 47. gxf4 Rd4 48. Rc7 Rxb4 49. Rxb7 h6 50. Kf1 Rb2 51. Ke1 g5 52. fxg5 hxg5 53. Kf1 f4 54. Ke1 Kf8 55. Kf1 Ke8 56. h3 Kd8 57. Ke1 Kc8 58. Rc7+ Kd8 59. Rg7 Rxb6 60. Rxg5 Rb1+ 61. Ke2 Rb2+ 62. Ke1 f3 63. Re5 Re2+ 64. Kf1 Kd7 65. h4 Kd6 66. Re8 Kd5 67. h5 Ra2 68. Kg1 Ra1+ 69. Kh2 Rf1 70. Kg3 Rg1+ 71. Kf4 Rh1 72. Rd8+ Ke6 73. Kxe4 Rxh5 74. Kxf3 Rf5+ 75. Ke3 Ke7 76. Ra8 Re5+ 77. Kf4 Re2 78. f3 Kf6 79. Ra6+ Kf7 80. Kf5 Rf2 81. f4 Rd2 82. Ra7+ Kf8 83. Kf6 Rd6+ 84. Kg5 Rb6 85. f5 Kg8 86. Ra8+ Kf7 87. Ra7+ Kg8 88. f6 1-0

[Event "Titled Tuesday intern op 02nd Nov"]
[Site "Chess.com INT"]
[Date "2021.11.02"]
[Round "8"]
[White "Da Silva Junior, Sediney Mari"]
[Black "Karttunen, Mika"]
[Result "0-1"]
[WhiteElo "2011"]
[BlackElo "2485"]
[PlyCount "44"]
[EventDate "2021.11.02"]
[EventType "swiss (blitz)"]
[EventRounds "11"]
[EventCountry "USA"]
[SourceTitle "CBM 205 Extra"]
[Source "ChessBase"]
[SourceDate "2022.01.31"]
[SourceVersion "1"]
[SourceVersionDate "2022.01.31"]
[SourceQuality "1"]

1. e4 e5 2. Nc3 Nf6 3. f4 d5 4. fxe5 Nxe4 5. d3 Nxc3 6. bxc3 c5 7. Nf3 Be7 8. g3 Nc6 9. Bg2 0-0 10. Kf1 f6 11. exf6 Bxf6 12. Bd2 Bg4 13. h3 Be6 14. Kg1 Ne5 15. Kh2 Nxf3+ 16. Bxf3 Be5 17. Re1 Qd6 18. Rg1 Rae8 19. Rb1 b6 20. d4 cxd4 21. cxd4 Bxd4 22. c4 Bxg1+ 0-1

[Event "Titled Tuesday intern op 21st Sept"]
[Site "Chess.com INT"]
[Date "2021.09.21"]
[Round "8"]
[White "Bures, Vit"]
[Black "Da Silva Junior, Sediney Mari"]
[Result "1-0"]
[WhiteElo "2110"]
[BlackElo "2011"]
[PlyCount "37"]
[EventDate "2021.09.21"]
[EventType "swiss (blitz)"]
[EventRounds "9"]
[EventCountry "USA"]
[SourceTitle "EXT 2022"]
[Source "ChessBase"]
[SourceDate "2021.10.06"]
[SourceVersion "1"]
[SourceVersionDate "2021.10.06"]
[SourceQuality "1"]

1. d4 Nf6 2. c4 e6 3. Nc3 Bb4 4. e3 c5 5. Nge2 0-0 6. a3 Bxc3+ 7. Nxc3 cxd4 8. exd4 d5 9. c5 Nc6 10. Bf4 Re8 11. Bb5 a6 12. Bxc6 bxc6 13. 0-0 Nd7 14. Re1 Qf6 15. Bd6 e5 16. dxe5 Nxe5 17. Nxd5 Nf3+ 18. Qxf3 Rxe1+ 19. Rxe1 1-0